[Event "Orlická šachovnice 2022"]
[Site "Usti nad Orlici"]
[Date "2022.04.09"]
[Round "8.2"]
[White "Stary, Vojtech"]
[Black "Kobr, Matej"]
[Result "0-1"]
[WhiteElo "1563"]
[BlackElo "1508"]
[PlyCount "64"]
[EventDate "2022.04.09"]

{[%evp 0,22,19,17,56,50,32,-25,62,60,73,67,55,37,34,42,52,41,73,32,32,8,-3,14,
3]} 1. e4 {[%emt 0:00:01]} e6 {[%emt 0:00:01]} 2. d4 {[%emt 0:00:03]} d5 {
[%emt 0:00:01]} 3. Bd3 {[%emt 0:00:02]} c6 {[%emt 0:00:15]} 4. Ne2 {[%emt 0:00:
19]} dxe4 {[%emt 0:00:05]} 5. Bxe4 {[%emt 0:00:02]} Nf6 {[%emt 0:00:02]} 6. Bf3
{[%emt 0:00:01]} Nbd7 {[%emt 0:00:06]} 7. O-O {[%emt 0:00:05]} Nb6 {[%emt 0:00:
02]} 8. Bg5 {[%emt 0:00:16]} Be7 {[%emt 0:00:03]} 9. Nbc3 {[%emt 0:00:33]} O-O
{[%emt 0:00:06]} 10. Ne4 {[%emt 0:00:38]} Nxe4 {[%emt 0:00:34]} 11. Bxe7 {
[%emt 0:00:06]} Qxe7 {[%emt 0:00:03]} 12. Bxe4 {[%emt 0:00:03]} Bd7 {[%emt 0:
00:13]} 13. Qd3 {[%emt 0:00:22]} h6 {[%emt 0:00:24]} 14. c4 {[%emt 0:00:30]}
Rfe8 {[%emt 0:00:26]} 15. Ng3 {[%emt 0:00:57]} Kh8 {[%emt 0:00:47]} 16. f4 {
[%emt 0:00:23]} c5 {[%emt 0:01:57]} 17. Rfe1 {[%emt 0:02:32]} Qf8 {[%emt 0:02:
06]} 18. Bxb7 {[%emt 0:00:37]} Rad8 {[%emt 0:00:20]} 19. d5 {[%emt 0:01:44]}
exd5 {[%emt 0:00:27]} 20. Bxd5 {[%emt 0:00:24]} Be6 {[%emt 0:00:29]} 21. Qf3 {
[%emt 0:00:36]} Nxd5 {[%emt 0:00:23]} 22. cxd5 {[%emt 0:00:04]} Bxd5 {[%emt 0:
00:08]} 23. Qf2 {[%emt 0:00:16]} Bb7 {[%emt 0:00:37]} 24. Rxe8 {[%emt 0:00:22]}
Qxe8 {[%emt 0:00:25]} 25. Re1 {[%emt 0:00:32]} Qc6 {[%emt 0:00:12]} 26. Nf5 {
[%emt 0:00:57]} Qd7 {[%emt 0:01:07]} 27. Ne3 {[%emt 0:00:11]} Re8 {[%emt 0:00:
28]} 28. Qg3 {[%emt 0:00:12]} Qd4 {[%emt 0:00:48]} 29. Qf2 {[%emt 0:00:05]} Re4
{[%emt 0:00:46]} 30. g3 {[%emt 0:00:03]} c4 {[%emt 0:00:21]} 31. Re2 {[%emt 0:
00:04]} Qc5 {[%emt 0:00:10]} 32. Ng4 {[%emt 0:00:06]} Qc6 {[%emt 0:00:10]} 0-1

[Event "Orlická šachovnice 2022"]
[Site "Usti nad Orlici"]
[Date "2022.04.09"]
[Round "8.3"]
[White "Dusanek, Michal"]
[Black "Urban, Stanislav"]
[Result "1-0"]
[WhiteElo "1725"]
[BlackElo "1175"]
[PlyCount "81"]
[EventDate "2022.04.09"]

{[%evp 0,30,19,17,17,17,14,14,48,48,33,31,63,51,70,47,47,43,37,29,24,20,36,-91,
-59,-59,-48,-92,-70,-70,-71,-100,-112]} 1. e4 {[%emt 0:00:01]} e5 {[%emt 0:00:
02]} 2. Nf3 {[%emt 0:00:01]} Nc6 {[%emt 0:00:02]} 3. Bc4 d6 {[%emt 0:00:07]} 4.
Nc3 {[%emt 0:00:06]} Bg4 {[%emt 0:00:04]} 5. h3 {[%emt 0:00:06]} Bh5 {[%emt 0:
00:02]} 6. g4 Bg6 {[%emt 0:00:02]} 7. d3 {[%emt 0:00:06]} Nf6 {[%emt 0:00:36]}
8. Be3 {[%emt 0:00:11]} Be7 {[%emt 0:00:27]} 9. Qd2 {[%emt 0:00:03]} O-O {
[%emt 0:00:09]} 10. O-O-O {[%emt 0:00:20]} a6 {[%emt 0:00:09]} 11. Nh4 {
[%emt 0:00:21]} Nxe4 {[%emt 0:00:26]} 12. dxe4 {[%emt 0:00:56]} Bxh4 {[%emt 0:
00:03]} 13. Rdf1 {[%emt 0:01:26]} b5 {[%emt 0:00:17]} 14. Bd5 {[%emt 0:00:04]}
Qd7 {[%emt 0:00:52]} 15. f4 {[%emt 0:00:53]} exf4 {[%emt 0:00:14]} 16. Bxf4 {
[%emt 0:00:18]} Rfe8 {[%emt 0:00:54]} 17. Qg2 {[%emt 0:00:11]} Rab8 {[%emt 0:
00:41]} 18. Nd1 {[%emt 0:01:32]} Nb4 {[%emt 0:01:04]} 19. Nf2 {[%emt 0:01:40]}
Nxd5 {[%emt 0:00:45]} 20. exd5 {[%emt 0:00:06]} Bxf2 {[%emt 0:00:08]} 21. Qxf2
{[%emt 0:00:05]} Be4 {[%emt 0:00:08]} 22. Rhg1 {[%emt 0:00:31]} Bxd5 {[%emt 0:
00:11]} 23. Kb1 {[%emt 0:00:06]} Bc4 {[%emt 0:01:11]} 24. Re1 {[%emt 0:00:14]}
f5 {[%emt 0:00:43]} 25. gxf5 {[%emt 0:00:43]} Qxf5 {[%emt 0:00:05]} 26. Qg3 {
[%emt 0:01:06]} Rxe1+ {[%emt 0:00:28]} 27. Rxe1 {[%emt 0:00:01]} Qf7 {[%emt 0:
00:28]} 28. Rg1 {[%emt 0:00:33]} Bxa2+ {[%emt 0:00:23]} 29. Ka1 {[%emt 0:00:17]
} Be6 {[%emt 0:00:07]} 30. Bh6 {[%emt 0:00:13]} g6 {[%emt 0:00:17]} 31. Qc3 {
[%emt 0:00:07]} b4 {[%emt 0:00:38]} 32. Qd4 {[%emt 0:00:08]} Bxh3 {[%emt 0:00:
25]} 33. Re1 {[%emt 0:00:17]} Bf5 {[%emt 0:00:26]} 34. Re2 {[%emt 0:00:32]} a5
{[%emt 0:00:34]} 35. Bg5 {[%emt 0:00:27]} c5 {[%emt 0:00:13]} 36. Qxd6 {
[%emt 0:00:04]} Re8 {[%emt 0:00:12]} 37. Rxe8+ {[%emt 0:00:07]} Qxe8 {[%emt 0:
00:02]} 38. Qxc5 {[%emt 0:00:04]} Qe1+ {[%emt 0:00:04]} 39. Ka2 {[%emt 0:00:03]
} Be6+ {[%emt 0:00:05]} 40. b3 {[%emt 0:00:02]} Qc3 {[%emt 0:00:06]} 41. Qf2 {
[%emt 0:00:04]} 1-0

[Event "Orlická šachovnice 2022"]
[Site "Usti nad Orlici"]
[Date "2022.04.09"]
[Round "9.1"]
[White "Bara, Jan"]
[Black "Stary, Vojtech"]
[Result "1-0"]
[WhiteElo "1597"]
[BlackElo "1563"]
[PlyCount "83"]
[EventDate "2022.04.09"]

{[%evp 0,36,19,14,29,4,31,44,37,37,50,22,26,21,17,29,65,42,65,39,62,62,435,354,
331,295,262,262,269,266,279,146,158,147,129,127,144,134,129]} 1. d4 {[%emt 0:
00:12]} Nf6 {[%emt 0:00:07]} 2. c4 {[%emt 0:00:01]} g6 3. Nc3 {[%emt 0:00:04]}
Bg7 {[%emt 0:00:01]} 4. Nf3 {[%emt 0:00:01]} O-O {[%emt 0:00:02]} 5. Bg5 {
[%emt 0:00:02]} d6 {[%emt 0:00:14]} 6. e3 {[%emt 0:00:02]} Nbd7 {[%emt 0:00:06]
} 7. Bd3 {[%emt 0:00:20]} e5 {[%emt 0:00:36]} 8. O-O {[%emt 0:00:33]} Qe8 {
[%emt 0:01:30]} 9. Bc2 {[%emt 0:01:12]} h6 {[%emt 0:00:50]} 10. Bh4 {[%emt 0:
00:43]} Nh7 {[%emt 0:01:40]} 11. Nd5 {[%emt 0:01:10]} g5 {[%emt 0:01:51]} 12.
Nxc7 {[%emt 0:00:52]} Qd8 {[%emt 0:00:16]} 13. Nxa8 {[%emt 0:00:05]} gxh4 {
[%emt 0:00:12]} 14. h3 {[%emt 0:02:04]} exd4 {[%emt 0:00:43]} 15. exd4 {
[%emt 0:01:20]} Ndf6 {[%emt 0:00:28]} 16. Nxh4 {[%emt 0:00:37]} Bd7 {[%emt 0:
00:21]} 17. Nf5 {[%emt 0:00:33]} Bxf5 {[%emt 0:00:18]} 18. Bxf5 {[%emt 0:00:02]
} Qxa8 {[%emt 0:00:07]} 19. Re1 {[%emt 0:00:12]} Qd8 {[%emt 0:00:30]} 20. Qe2 {
[%emt 0:00:24]} Re8 {[%emt 0:00:08]} 21. Qd2 {[%emt 0:00:16]} Ng5 {[%emt 0:00:
23]} 22. Rxe8+ {[%emt 0:00:08]} Qxe8 {[%emt 0:00:08]} 23. Qe3 {[%emt 0:00:07]}
Qxe3 {[%emt 0:00:41]} 24. fxe3 Nge4 {[%emt 0:00:11]} 25. b4 {[%emt 0:00:30]} b6
{[%emt 0:00:14]} 26. Rc1 {[%emt 0:00:09]} Kf8 {[%emt 0:00:43]} 27. c5 {[%emt 0:
00:08]} dxc5 {[%emt 0:00:30]} 28. dxc5 {[%emt 0:00:03]} bxc5 {[%emt 0:00:11]}
29. bxc5 Ke7 {[%emt 0:00:09]} 30. c6 {[%emt 0:00:11]} Nd6 {[%emt 0:00:07]} 31.
c7 {[%emt 0:00:16]} Nd5 {[%emt 0:00:06]} 32. c8=Q {[%emt 0:00:15]} Nxc8 {
[%emt 0:00:02]} 33. Bxc8 {[%emt 0:00:13]} Kd6 {[%emt 0:00:04]} 34. Rd1 {
[%emt 0:00:10]} Ke5 {[%emt 0:00:02]} 35. Kf2 {[%emt 0:00:09]} Nc3 {[%emt 0:00:
02]} 36. Rc1 {[%emt 0:00:19]} Ne4+ {[%emt 0:00:04]} 37. Ke2 {[%emt 0:00:05]}
Ng3+ {[%emt 0:00:04]} 38. Kd3 Bf6 {[%emt 0:00:04]} 39. Rc5+ {[%emt 0:00:03]}
Kd6 {[%emt 0:00:02]} 40. Ra5 {[%emt 0:00:03]} Nf5 {[%emt 0:00:06]} 41. Ra6+ {
[%emt 0:00:03]} Ke7 {[%emt 0:00:04]} 42. Bxf5 {[%emt 0:00:02]} 1-0

[Event "Orlická šachovnice 2022"]
[Site "Usti nad Orlici"]
[Date "2022.04.09"]
[Round "9.2"]
[White "Kobr, Matej"]
[Black "Dusanek, Michal"]
[Result "1/2-1/2"]
[WhiteElo "1508"]
[BlackElo "1725"]
[PlyCount "80"]
[EventDate "2022.04.09"]

{[%evp 0,31,14,-37,-40,-32,-15,-25,-25,-33,18,-16,3,-45,-45,-66,-31,-11,7,6,36,
-28,-22,-67,-39,-52,-53,-54,-17,-2,-8,-8,11,34]} 1. b3 e5 {[%emt 0:00:21]} 2.
Bb2 Nc6 {[%emt 0:00:05]} 3. e3 {[%emt 0:00:02]} d5 {[%emt 0:00:07]} 4. Nf3 {
[%emt 0:00:06]} Bd6 {[%emt 0:00:03]} 5. c4 {[%emt 0:00:05]} Nge7 {[%emt 0:00:
32]} 6. Be2 {[%emt 0:00:14]} O-O {[%emt 0:00:03]} 7. O-O {[%emt 0:00:02]} Be6 {
[%emt 0:00:08]} 8. d4 {[%emt 0:00:06]} exd4 {[%emt 0:00:53]} 9. exd4 {[%emt 0:
00:06]} Bf4 {[%emt 0:00:44]} 10. cxd5 {[%emt 0:00:55]} Bxd5 {[%emt 0:00:23]}
11. Na3 {[%emt 0:00:54]} Nb4 {[%emt 0:00:39]} 12. Bc4 {[%emt 0:01:19]} c6 {
[%emt 0:00:38]} 13. Bc3 {[%emt 0:00:32]} Bxf3 {[%emt 0:00:15]} 14. Qxf3 {
[%emt 0:00:11]} Nbd5 {[%emt 0:00:13]} 15. Bb2 {[%emt 0:00:36]} Bg5 {[%emt 0:00:
35]} 16. Nc2 {[%emt 0:01:02]} Bf6 {[%emt 0:00:38]} 17. Ne3 {[%emt 0:00:44]} Qd7
{[%emt 0:00:28]} 18. Bxd5 {[%emt 0:00:11]} Nxd5 {[%emt 0:00:04]} 19. Nxd5 {
[%emt 0:00:02]} Qxd5 {[%emt 0:00:08]} 20. Qxd5 {[%emt 0:00:11]} cxd5 {[%emt 0:
00:01]} 21. Rac1 {[%emt 0:00:08]} Rac8 {[%emt 0:00:10]} 22. Rfe1 {[%emt 0:00:
09]} h6 {[%emt 0:00:31]} 23. Kf1 {[%emt 0:00:04]} Rfe8 {[%emt 0:00:30]} 24.
Rxe8+ {[%emt 0:00:06]} Rxe8 {[%emt 0:00:01]} 25. Rc7 {[%emt 0:00:02]} Re7 {
[%emt 0:00:02]} 26. Rxe7 {[%emt 0:00:10]} Bxe7 {[%emt 0:00:02]} 27. Ke2 {
[%emt 0:00:02]} Kh7 {[%emt 0:00:05]} 28. Kf3 {[%emt 0:00:23]} Kg6 {[%emt 0:00:
01]} 29. h3 {[%emt 0:00:08]} Kf5 {[%emt 0:00:07]} 30. Bc1 {[%emt 0:00:22]} Bg5
{[%emt 0:00:26]} 31. Bxg5 {[%emt 0:00:32]} Kxg5 {[%emt 0:01:02]} 32. Ke3 {
[%emt 0:00:24]} h5 {[%emt 0:00:10]} 33. g3 {[%emt 0:00:12]} Kf5 {[%emt 0:00:04]
} 34. f3 {[%emt 0:00:06]} g5 {[%emt 0:00:49]} 35. b4 {[%emt 0:00:25]} b5 {
[%emt 0:00:08]} 36. g4+ {[%emt 0:00:41]} Kg6 {[%emt 0:00:56]} 37. Kf2 {[%emt 0:
00:25]} f5 {[%emt 0:01:19]} 38. Kg3 {[%emt 0:00:15]} hxg4 {[%emt 0:00:21]} 39.
fxg4 {[%emt 0:00:41]} fxg4 {[%emt 0:00:10]} 40. hxg4 {[%emt 0:00:50]} Kf6 {
[%emt 0:00:03]} 1/2-1/2

[Event "Orlická šachovnice 2022"]
[Site "Usti nad Orlici"]
[Date "2022.04.09"]
[Round "9.3"]
[White "Urban, Stanislav"]
[Black "Shvachko, Gleb"]
[Result "0-1"]
[WhiteElo "1175"]
[BlackElo "1723"]
[PlyCount "36"]
[EventDate "2022.04.09"]

{[%evp 0,30,18,14,56,44,88,65,65,26,26,21,62,37,26,20,26,13,8,1,-4,-10,0,-27,
-9,-27,0,5,28,51,32,4,32]} 1. e4 c5 2. Nf3 {[%emt 0:00:02]} d6 {[%emt 0:00:01]}
3. d4 {[%emt 0:00:02]} cxd4 4. Nxd4 {[%emt 0:00:03]} Nf6 {[%emt 0:00:01]} 5.
Nc3 {[%emt 0:00:02]} a6 {[%emt 0:00:01]} 6. Bd3 {[%emt 0:00:21]} e5 {[%emt 0:
00:02]} 7. Nf3 {[%emt 0:00:05]} Be7 {[%emt 0:00:02]} 8. h3 {[%emt 0:00:06]} Be6
{[%emt 0:00:03]} 9. Be3 {[%emt 0:00:11]} h6 {[%emt 0:00:03]} 10. Qd2 {[%emt 0:
00:26]} O-O {[%emt 0:00:03]} 11. O-O-O {[%emt 0:00:07]} b5 {[%emt 0:00:05]} 12.
a3 {[%emt 0:00:10]} Qc7 {[%emt 0:00:12]} 13. g4 {[%emt 0:00:31]} Nfd7 {[%emt 0:
00:57]} 14. g5 {[%emt 0:00:22]} h5 {[%emt 0:00:06]} 15. h4 {[%emt 0:00:10]} g6
{[%emt 0:00:02]} 16. Nd5 {[%emt 0:00:22]} Bxd5 {[%emt 0:00:08]} 17. exd5 {
[%emt 0:00:03]} Nc5 {[%emt 0:00:21]} 18. Nh2 {[%emt 0:01:18]} Nb3+ {[%emt 0:00:
02]} 0-1